000 00314nam a22001337a 4500
008 181019b xxu||||| |||| 00| 0 eng d
020 _a0306310961
041 _aeng
080 _a159.9
100 _a49
101 _aPSI
245 _aAutism A reppraisal Of Concepts Treatment
_cRutter.M
942 _2udc
_cBK
999 _c50301
_d50301